000 00684nam a22002297a 4500
003 UA-OsUOA
001 110074
007 ta
008 20150217b un ||||| |||| 00| 0 ukr d
100 _aБуряк П.Ю.
700 _aСавчук Н.В.
090 _a330(477)
_bБ91
942 _cSA
040 _aUA-OsUOA
_bukr
_cUA-OsUOA
_dUA-OsUOA
245 _aПерспективи реформування місцевих податків в Україні
300 _aС.180-187
955 _a0
041 _aukr
080 _a330(477)
773 0 _w110067
_tРегіональна економіка
_dЛьвів
_d2014
_g4
650 7 _a330 Економіка взагалі
_2UDC
999 _c396096
_d396096